000 00463nam a2200157Ia 4500
005 20250508155203.0
008 008 250505s9999 xx 000 0 eng d
037 _aBooks to be hide in OPAC
040 _aFEDL
_beng
_cFEDL
041 _aeng
_2eng
084 _a379.11154, IND
_qFEDL
245 0 _aSeminar on the methodology and the theory of educational planning
300 _a21p.
942 _cHB
_h379.11154, IND
999 _c1355017
_d1355017